000 00285nam a22001217a 4500
008 170606b xxu||||| |||| 00| 0 eng d
041 _aeng
080 _24TH
_a94
100 _a18
101 _aSHH
245 _aTHE CHINESE THEIR HISTORY AND CULTURE
_cLATOURETTE,K.S
942 _2udc
_cBK
999 _c16145
_d16145